MDQL
is popping MORE tags! Check the
thread
!
Quizzes
Events
Quiz Creation
Community
Videos
Private Events
Remove Ads
Sign In
Join for FREE
Feedback
Dark Mode
Quiz Categories
Sports
Geography
Music
Movies
Television
Just For Fun
Miscellaneous
History
Literature
Language
Science
Gaming
Entertainment
Religion
Holiday
For Kids
Quiz Lab
Recent
Popular Today
Quiz Kudos Today
Editor Picks
Curator Picks
Quizzes by...
Day
Popularity
Type
Ratings
Length
Year
Community
Subscriptions
Recent Discussions
Orange Saloon
Badges
Playlists
Quests
Create
Leaderboards
Showdown
Live 5
Trivia Bingo
Activity
Puzzle Library
Sporcle Events
Private Events
Virtual Trivia
Globe League
Become a Host
Pub Owners
SporcleCon
Opinionation
Our Games
Videos
Blog
Mobile Apps
Partnerships
Remove Ads and Go Orange
Feedback
Entertainment
Celebrity
Famous
Musical
Broadway
Show
Quote
Comic Books
Anime
Superhero
DC Comics
Marvel
Cartoons
Animation
Entertainment
Celebrity
Famous
Musical
Broadway
Show
Quote
Comic Books
Anime
Superhero
DC Comics
Marvel
Cartoons
Animation
Random Quiz
Search Sporcle
×
Quiz Lab
Quiz Lab
Entertainment
Comic Books
Type in answers that appear in a list
Type in answers that appear in a list
Classic
Best Score? Go Orange.
X-Men by Debut Issue Stats
Can you name the X-Men by Debut Issue?
By
DkPhoenix
7m
20 Questions
226 Plays
226 Plays
226 Plays
Comments
Comments
Give Quiz Kudos
Give Quiz Kudos
-
- Ratings
hide this ad
Forced Order
Answers have to be entered in order
Answers have to be entered in order
Random Order
Randomize order of answers
Randomize order of answers
Replay
Link that replays current quiz
Next Quiz
Link to next quiz in quiz playlist
You Got
0%
They Got
Avg Score
54%
Avg Friend Score
Upgrade to see
Score Distribution
Jump to the score distribution portion of the page
Score
0/20
Timer
07:00
0
Plays Today
Comic Book
Character
% Correct
Incredible Hulk #180
Wolverine
93.4%
Captain Britain v. 1 #8
Psylocke
76.1%
Avengers Annual #10
Rogue
70.4%
X-
Men v.1 #266
Gambit
68.1%
Iron Fist #14
Sabretooth
67.3%
X-
Men v. 1 #54
Havok
65%
X-
Men v. 1 #49
Polaris
63.3%
X-
Men v. 1 #282
Bishop
62.4%
Ms. Marvel #16
Mystique
61.9%
X-
Men v. 1 #244
Jubilee
55.8%
Comic Book
Character
% Correct
X-
Men v1 #12
Juggernaut
53.1%
X-
Men v.1 #28
Banshee
52.7%
X-
Men v. 1 #130
Dazzler
48.7%
X-
Factor v. 1 #5
Apocalypse
46%
X-
Men v. 1 #201
Cable
41.2%
Giant Size Fantastic Four #4
Multiple Man
40.3%
X-
Men v. 1 #64
Sunfire
39.8%
Secret Wars II #5
Boom Boom
31.9%
X-
Men v. 1 #221
Mr. Sinister
24.3%
Marvel Team-
Up #100
Karma
23.5%
Quiz Playlist
Details
Report
Send in Message
Add To Playlist
Classic:
Type in answers that appear in a list
Forced Order:
Answers have to be entered in order
Random Order:
Randomize order of answers
Last Updated: Feb 16, 2017
Quiz Scoreboard
CHALLENGE
Sign Up to Join the Scoreboard
Show All
Scores
Hide
Comments
May contain spoilers
Recently Published
Image Sorting: Flags VI
by Barbecue
Geography
2m
Find the 'City' Movie
by crazypaving
Movies
60s
Colored Red Africa Blitz
by spor1
Geography
45s
More to Explore
Quiz From the Vault
Featured Blog Post
14 Easter Pick-up Lines to Find Eggs With
hide this ad
You Might Also Like...
Tags
Book Quiz
Comic Books Quiz
Character
debut
issue
X-Men
Today's Top Quizzes in Entertainment
Browse Entertainment
hide this ad
Today's Top Quizzes in Comic Books
Browse Comic Books
Top Contributed Quizzes in Entertainment
1
Marvel Classic Character Map
2
Dragon Ball Z: Goku's Fights in Order
3
Marvel Characters Bunker
4
JoJo's Bizarre Logic Quiz
5
This is Your Life: Edward Elric
6
Celebrity Spelling Bee
7
This is Your Life: Itachi Uchiha
8
BOYS PLANET Quiz
9
Sorting Pictures: Villains
10
One Piece Heroines Chapter Cover
Explore More
Trending Topics
Crossword
Disney
NBA
Marvel
Anime
Harry Potter
Kpop
NFL
Soccer
Song
WWE
Puzzle
Country
Pokémon
The Office
hide this ad
More By:
DkPhoenix
Quiz
Plays
Rating
Category
Featured
Created
'80s Metal Bands by Lead Singer
32,767
3.46
Music
May 21, 2010
Marvel Comics Characters by Religion
1,339
3.53
Religion
Dec 8, 2010
80s Metal/Hard Rock Bands by Bass Player
1,134
4.80
Entertainment
Jun 2, 2010
Marvel Comics Villains by their Minions
781
3.14
Entertainment
Dec 3, 2010
80s Metal Bands by Guitarist
499
5.00
Entertainment
Dec 11, 2010
Go to Creator's Profile
Score Distribution
Quiz Creator Spotlight
DkPhoenix
Follow
Send a Message
Quizzes Created
-
Created Quiz Play Count
-
More By This Creator
Popular Quizzes Today
1
Colored Red Africa Blitz
2
Find the US States - No Outlines Minefield
3
Find the 'City' Movie
4
5x2 Blitz: Bands
5
The Countries of the World
6
Find the US States
7
Find the Countries of Europe - No Outlines Minefield
8
US States
More Entertainment Quizzes
'C' Cartoon Characters by Picture
Published
Trending Quizzes
Colored Red Europe Blitz I
Colored Red Europe Blitz II
Colored Red Africa Blitz II
Colored Red Europe Blitz III
Colored Red Africa Blitz III
Recently Updated
How Do You Spell That?
pecheneg
Godzilla Movies
pecheneg
Grab Bag: 4-10 Letters
pecheneg
2024 March Madness Bracket
pecheneg
Famous TV Couples
Peacemaker
Champions League XIs: Real Madrid
pecheneg
Largest US Cities 1790-2010
pecheneg
Rides in Walt Disney World
pecheneg
Most Oscar Losses (Acting)
pecheneg
Beyoncé Albums
pecheneg
Trending Topics
Crossword
Disney
Kpop
Anime
NBA
Harry Potter
Marvel
Country
Puzzle
The Office
Pokémon
NFL
Soccer
Song
WWE
Your Account Isn't Verified!
In order to create a playlist on Sporcle, you need to verify the email address you used during registration. Go to your
Sporcle Settings
to finish the process.
Report this User
Report this user for behavior that violates our
Community Guidelines
.
Details:
Send Report
Go to the Sporcle.com Mobile Site →
Comments